000
00233nam a2200085Ia 4500
008
120527s9999 xx 000 0 und d
100
_a
Karlin, Samuel
245
_a
Mathematical methods and theory in Games program economics
942
_c
BK
999
_c
27853
_d
27853